| 000 | 00000nam##2200000za#4500 |
| 001 | 9.539005 |
| 003 | CaOODSP |
| 005 | 20200327110451 |
| 007 | ta |
| 008 | 150406|1993||||xxc||||| f|0| 0 fre|d |
| 040 | |aCaOODSP|bfre |
| 041 | |aeng |
| 041 | |afre |
| 043 | |an-cn--- |
| 086 | 1 |aRv55-5/11-4-17-1993 |
| 110 | 1 |aCanada.|bRevenu Canada. |bAccise, Douanes et Impôt. |
| 245 | 10|aDemandes de révision ou de réexamen de l'origine, dans le cadre de l'ALÉNA, présentées par la personne qui a rempli et signé le certificat d'origine |
| 260 | |aOttawa - Ontario : |bRevenu Canada. |
| 300 | |a30p. en pagination multiple. ; |c28 cm. |
| 490 | 1 |aMémorandums D des douanes. D11, Renseignements généraux sur le tarif |vD11-4-17, le 15 novembre 1993 |
| 563 | |aPolycopié |
| 776 | 0#|tDemandes de révision ou de réexamen de l'origine, dans le cadre de l'ALÉNA, présentées par la personne qui a rempli et signé le certificat d'origine |w(CaOODSP)9.607814 |
| 791 | |tNAFTA origin re-determination requests filed by the person who completed and signed the certificate of origin |eeng|w(CaOODSP)9.539004 |
| 830 | #0|aMémorandums D des douanes. D11, Renseignements généraux sur le tarif ;|vD11-4-17, le 15 novembre 1993|w(CaOODSP)9.510863 |